| 000 | 00610nam a22001937a 4500 | ||
|---|---|---|---|
| 005 | 20160408120140.0 | ||
| 008 | 160408b mx||||| |||| 00| 0 spa d | ||
| 050 | 0 | 4 |
_aKGF4370 _bC37 1962 |
| 100 | 1 | _aCastaño, Luis | |
| 245 | 1 | 0 |
_aEl régimen legal de la prensa en México / _cLuis Castaño. |
| 250 | _a2a ed.corr. y aum. | ||
| 260 |
_aMéxico : _bPorrúa, _c1962 |
||
| 300 |
_axv, 380 p. ; _c23 cm. |
||
| 504 | _aIncluye apéndice e índice | ||
| 504 | _aBibliografía : p. 375 - 380 | ||
| 650 | 7 |
_2Lemb _aLibertad de prensa _zMéxico |
|
| 650 | 7 |
_2Lemb _aPrensa - Legislación _zMéxico |
|
| 942 |
_2lcc _cLIB |
||
| 999 |
_c115005 _d115005 |
||